Colley V Canterbury CC (Record no. 38173)
[ view plain ]
| 000 -LEADER | |
|---|---|
| fixed length control field | 01689cab a2200241 4500 |
| 001 - CONTROL NUMBER | |
| control field | ABS47313 |
| 008 - FIXED-LENGTH DATA ELEMENTS--GENERAL INFORMATION | |
| fixed length control field | 090401t1992 xxu||||| |||| 00| 0 eng d |
| 035 ## - SYSTEM CONTROL NUMBER | |
| System control number | (Sirsi) u61570 |
| 041 ## - LANGUAGE CODE | |
| Language code of text/sound track or separate title | eng |
| 245 ## - TITLE STATEMENT | |
| Title | Colley V Canterbury CC |
| 260 ## - PUBLICATION, DISTRIBUTION, ETC. | |
| Date of publication, distribution, etc. | 1992 |
| 350 ## - PRICE (NR) (BK AM CF MU VM SE) [OBSOLETE] | |
| Price | 0 |
| 490 ## - SERIES STATEMENT | |
| Series statement | Journal of Planning and Environment Law |
| Volume/sequential designation | 1992 JPL 925-936(12) |
| 520 ## - SUMMARY, ETC. | |
| Summary, etc. | CA 20 March 1992. In 1961 outline planning permission was granted in respect of land to demolish the house on it and build a new one subject to conditions and detailed approval. Detailed plans were approved in 1963 however although the house was demolished the new one was not built. In 1986 the land was purchased by the respondent C who believed that the 1961 permission had lapsed so they applied for fresh permission. This was refused but C were told that the original permission was still valid and that they should consider proposals for implementing it. In November 1987 the council gave notices that they had submitted an order for confirmation by SoS revoking the 1961 permission. The SoS confirmed the revocation order in August 1989. C gave notice of a claim for compensation. The main issue before LT concerned the construction of Town and Country Planning Act 1971 s45 and 164. It was agreed that C were entitled to compensation for any depreciation in the value of their interest in t |
| 650 ## - SUBJECT ADDED ENTRY--TOPICAL TERM | |
| Topical term or geographic name entry element | LANDS TRIBUNAL ACT 1949 |
| 650 ## - SUBJECT ADDED ENTRY--TOPICAL TERM | |
| Topical term or geographic name entry element | PLANNING PERMISSION |
| 650 ## - SUBJECT ADDED ENTRY--TOPICAL TERM | |
| Topical term or geographic name entry element | TOWN AND COUNTRY PLANNING ACT 1971 S164 |
| 650 ## - SUBJECT ADDED ENTRY--TOPICAL TERM | |
| Topical term or geographic name entry element | TOWN AND COUNTRY PLANNING ACT 1971 S45 |
| 650 ## - SUBJECT ADDED ENTRY--TOPICAL TERM | |
| Topical term or geographic name entry element | TOWN AND COUNTRY PLANNING ACT 1990 S55 |
| 690 ## - LOCAL SUBJECT ADDED ENTRY--TOPICAL TERM (OCLC, RLIN) | |
| Topical term or geographic name as entry element | PLANNING LAW AND PRACTICE-CASE LAW |
| 942 ## - ADDED ENTRY ELEMENTS (KOHA) | |
| Suppress in OPAC | 0 |
| 948 ## - LOCAL PROCESSING INFORMATION (OCLC); SERIES PART DESIGNATOR (RLIN) | |
| c (OCLC) | 04/03/1997 |
| Withdrawn status | Lost status | Source of classification or shelving scheme | Damaged status | Not for loan | Home library | Current library | Shelving location | Date acquired | Total Checkouts | Full call number | Barcode | Date last seen | Copy number | Price effective from | Koha item type |
|---|---|---|---|---|---|---|---|---|---|---|---|---|---|---|---|
| Dewey Decimal Classification | London | London | Journal article | 14/09/1999 | ABS47313 | 61570-1001 | 06/08/2019 | 1 | 06/08/2019 | Law report |